=LDR 00000nam 2200000 4500 =001 INLIS000000000007764 =005 20130612095718 =008 ***********************************Ind** =035 ##$$0010-061300000007764 =041 ##$$a Ind =082 ##$$a 005. 369 =090 ##$$a 005. 369, Oli m =100 ##$$a Oliver, Dick =245 ##$$a Memandang realita denganFarctal vision, Dick Oliver;diterjemah Jusap Santosa =260 ##$$a 1997 $b Yogyakarta =300 ##$$a xix, 506 hlm., ilus, 23 cm =650 ##$$a Komputer-Program khusus =850 ##$$a NBPNMAT